000 00652nam a2200241Ia 4500
003 OSt
005 20220923211831.0
006 a|||||r|||| 00| 0
007 ta
008 220922b |||||||| |||| 00| 0 hin d
024 _a59,422
037 _cTextual
040 _aARTS
_cARTS
_bhin
041 _2hin
_ahin
082 _aQ141:25, 152M1
100 _aतिवारी, शशि
_9156278
245 0 _aमुण्डकोपनिषद्
246 _aMuṇḍakopaniṣhad
260 _c1981
300 _a102p.
_ccm.
942 _hQ141:25, 152M1
_cTEXL
_2CC
999 _c304050
_d304050